[Event "EU-chT Seniors 12th"]
[Site "Dresden"]
[Date "2010.02.18"]
[Round "9"]
[White "Steedman, James"]
[Black "Wahlund, Bengt"]
[Result "1/2-1/2"]
[WhiteElo "2141"]
[BlackElo "2095"]
[PlyCount "34"]
[EventDate "2010.02.10"]
[EventType "team-swiss"]
[EventRounds "9"]
[EventCountry "GER"]
[SourceTitle "CBM 134 Extra"]
[Source "ChessBase"]
[SourceDate "2010.03.03"]
[SourceVersion "1"]
[SourceVersionDate "2010.03.03"]
[SourceQuality "1"]
[WhiteTeam "Norway (Seniors) II"]
[BlackTeam "Sweden (Seniors) II"]
[WhiteTeamCountry "NOR"]
[BlackTeamCountry "SWE"]

1. d4 d5 2. c4 e6 3. Nc3 f5 4. Nf3 Nf6 5. e3 c6 6. Bd3 Bd6 7. 0-0 0-0 8. b3 Nbd7 9. Bb2 Ne4 10. Qc2 Rf6 11. Ne2 Rh6 12. g3 Qe8 13. Kg2 Qh5 14. h4 Ndf6 15. Nf4 Qe8 16. Ne5 Nh5 17. Be2 Nxf4+ 1/2-1/2

[Event "EU-chT Seniors 12th"]
[Site "Dresden"]
[Date "2010.02.15"]
[Round "6"]
[White "Wahlund, Bengt"]
[Black "Lerstad, Bjorn"]
[Result "1-0"]
[WhiteElo "2095"]
[BlackElo "1825"]
[PlyCount "58"]
[EventDate "2010.02.10"]
[EventType "team-swiss"]
[EventRounds "9"]
[EventCountry "GER"]
[SourceTitle "CBM 134 Extra"]
[Source "ChessBase"]
[SourceDate "2010.03.03"]
[SourceVersion "1"]
[SourceVersionDate "2010.03.03"]
[SourceQuality "1"]
[WhiteTeam "Sweden (Seniors) II"]
[BlackTeam "Blindern Oldtimers (Seniors)"]
[WhiteTeamCountry "SWE"]
[BlackTeamCountry "NOR"]

1. c4 c5 2. Nc3 Nc6 3. g3 d6 4. Bg2 Nf6 5. Nf3 e5 6. 0-0 Be7 7. d3 0-0 8. a3 Bg4 9. Re1 Qd7 10. Rb1 a5 11. Nd2 Ne8 12. Nd5 Bd8 13. b4 axb4 14. axb4 cxb4 15. Nxb4 Nc7 16. Nf1 Nxb4 17. Rxb4 Rb8 18. Rxb7 Rxb7 19. Bxb7 Ne6 20. Bd5 Nc7 21. Bg2 h6 22. Ne3 Be6 23. d4 exd4 24. Qxd4 Bf6 25. Qb6 Na8 26. Qa6 Qd8 27. Rd1 Qb6 28. Rxd6 Qb1 29. Rd1 Qb6 1-0

[Event "EU-chT Seniors 12th"]
[Site "Dresden"]
[Date "2010.02.13"]
[Round "4"]
[White "Wahlund, Bengt"]
[Black "Schuetze, Hasso"]
[Result "0-1"]
[WhiteElo "2095"]
[BlackElo "2086"]
[PlyCount "24"]
[EventDate "2010.02.10"]
[EventType "team-swiss"]
[EventRounds "9"]
[EventCountry "GER"]
[SourceTitle "CBM 134 Extra"]
[Source "ChessBase"]
[SourceDate "2010.03.03"]
[SourceVersion "1"]
[SourceVersionDate "2010.03.03"]
[SourceQuality "1"]
[WhiteTeam "Sweden (Seniors) II"]
[BlackTeam "Denmark (Seniors) II"]
[WhiteTeamCountry "SWE"]
[BlackTeamCountry "DEN"]

1. e4 c5 2. Nf3 e6 3. d4 cxd4 4. Nxd4 Nf6 5. Nc3 Nc6 6. Be3 Bb4 7. Nxc6 bxc6 8. a3 Bxc3+ 9. bxc3 Qa5 10. Bd3 d5 11. Bd4 dxe4 12. Bxf6 gxf6 0-1

[Event "Wch Seniors 19th"]
[Site "Condino"]
[Date "2009.11.02"]
[Round "6"]
[White "Filzmaier, Bruno"]
[Black "Wahlund, Bengt"]
[Result "1/2-1/2"]
[WhiteElo "1963"]
[BlackElo "2163"]
[PlyCount "43"]
[EventDate "2009.10.27"]
[EventType "swiss"]
[EventRounds "11"]
[EventCountry "ITA"]
[SourceTitle "EXT 2010"]
[Source "ChessBase"]
[SourceDate "2010.11.25"]
[SourceVersion "1"]
[SourceVersionDate "2010.11.25"]
[SourceQuality "1"]

1. a3 d5 2. e3 Nf6 3. d4 Bf5 4. Nf3 c6 5. c4 e6 6. b4 Bd6 7. Bb2 Nbd7 8. Nbd2 h6 9. Be2 0-0 10. h3 Qb8 11. 0-0 Ne4 12. cxd5 Nxd2 13. Nxd2 cxd5 14. Nb3 Nf6 15. Bd3 Bxd3 16. Qxd3 b6 17. b5 Qb7 18. a4 a5 19. Rfc1 Rac8 20. Rxc8 Rxc8 21. Rc1 Rxc1+ 22. Nxc1 1/2-1/2

[Event "Wch Seniors 19th"]
[Site "Condino"]
[Date "2009.10.28"]
[Round "2"]
[White "Malisov, Boris"]
[Black "Wahlund, Bengt"]
[Result "1-0"]
[WhiteElo "2377"]
[BlackElo "2163"]
[PlyCount "62"]
[EventDate "2009.10.27"]
[EventType "swiss"]
[EventRounds "11"]
[EventCountry "ITA"]
[SourceTitle "EXT 2010"]
[Source "ChessBase"]
[SourceDate "2010.11.25"]
[SourceVersion "1"]
[SourceVersionDate "2010.11.25"]
[SourceQuality "1"]

1. e4 e6 2. d3 c5 3. g3 Nc6 4. Bg2 g6 5. Nh3 Bg7 6. 0-0 Nge7 7. Nd2 0-0 8. f4 d6 9. g4 f5 10. gxf5 gxf5 11. Kh1 Kh8 12. c3 Rb8 13. Ng5 h6 14. Qh5 Kg8 15. Nh3 Bd7 16. Nf3 Be8 17. Qh4 Ng6 18. Qg3 b5 19. Bd2 a5 20. Rae1 Qf6 21. e5 dxe5 22. Nxe5 Ncxe5 23. fxe5 Qh4 24. Qxh4 Nxh4 25. Nf4 Nxg2 26. Kxg2 Bc6+ 27. Kf2 Kf7 28. Rg1 Rg8 29. Nxe6 Kxe6 30. Rg6+ Kd7 31. Reg1 Bd5 1-0

[Event "SWE-chT2 0809"]
[Site "Sweden"]
[Date "2009.01.17"]
[Round "4"]
[White "Logdahl, Ulf"]
[Black "Wahlund, Bengt"]
[Result "1/2-1/2"]
[WhiteElo "1990"]
[BlackElo "1980"]
[PlyCount "120"]
[EventDate "2008.10.25"]
[EventType "team-tourn"]
[EventRounds "9"]
[EventCountry "SWE"]
[SourceTitle "EXT 2011"]
[Source "ChessBase"]
[SourceDate "2010.11.26"]
[SourceVersion "1"]
[SourceVersionDate "2010.11.26"]
[SourceQuality "1"]

1. f4 d5 2. Nf3 g6 3. e3 Bg7 4. Be2 Nf6 5. 0-0 0-0 6. d3 c5 7. Qe1 Nc6 8. Qh4 Qd6 9. Nc3 e5 10. e4 d4 11. Nb5 Qd8 12. fxe5 Ng4 13. Bg5 Qb6 14. Nd6 Ncxe5 15. Be7 Nxf3+ 16. Bxf3 Ne3 17. Bxf8 Bxf8 18. Nc4 Nxc4 19. dxc4 Be6 20. b3 Bg7 21. Rad1 Be5 22. Rd3 Qc7 23. Kh1 Qd7 24. h3 Kg7 25. Bg4 Bxg4 26. hxg4 h6 27. Rh3 Rh8 28. g5 h5 29. Rhf3 Rf8 30. Qf2 Qe6 31. a4 a5 32. Qh4 Qd7 33. g3 Qe6 34. Kg2 Qd7 35. Kf2 Re8 36. Ke2 Re7 37. Kd3 Qg4 38. Qxg4 hxg4 39. Rf4 Bxf4 40. gxf4 f5 41. gxf6+ Kxf6 42. Rh1 g3 43. Rg1 g2 44. Rxg2 Rh7 45. Rg3 Rh4 46. Rf3 Rh1 47. c3 dxc3 48. Kxc3 Re1 49. Kd3 b6 50. Re3 Rf1 51. e5+ Kf5 52. e6 Rd1+ 53. Ke2 Rd8 54. Kf3 Rh8 55. Re5+ Kf6 56. Ke4 Ke7 57. f5 gxf5+ 58. Kxf5 Rh3 59. Ke4 Rxb3 60. Kd5 Rd3+ 1/2-1/2